Регионална библиотека "Любен Каравелов" - Русе

Бащи трепачи [DVD] (Запис номер 219259)

MARC детайли
000 -Лидер
Контролно поле с фиксирана дължина 00836ngm a2200313 a 4500
003 - Код на организацията, давaща контролен номер
Контролно поле BLK
005 - Дата и час на последна редакция
Контролно поле 20240529153452.0
007 - Фиксирано поле за физическо описани
fixed length control field! m| caa|akaadaaaac
008 - Елементи от данни с фиксирана дължина
fixed length control field 180410b bul||n||s|||||||| n|bulo|
010 ## - Наследен системен номер
LC control number CDD00001573000
040 ## - Източник на каталожния запис
Идентификатор на билиотеката - собственик на записа BLK
041 ## - Код за език
Код за езика на текст/звукозапис или на отделно заглавие Български
Код за езика КДБФ Български
080 ## - УДК
Текстов определител УДК Комедии
УДК код - определител по УДК 791.221.2
УДК - код + определител 791.221.2
139 ## - Редно поле
Редна дума Бащи трепачи [DVD]
Авторски знак Ба - Б 12
245 10 - Сведения за заглавието
Заглавие Бащи трепачи [DVD]
257 ## - Страна на издаване
Страна на създаване/издаване България
260 ## - Област на издателските данни
Година на издаване 2005
Място на издаване, разпространение и проч. София
300 ## - Физическа характеристика
Страници 110 мин.
Илюстрации и др. цв.
Размери/Мащаб 12 см
380 ## - Жанр
Жанр Изкуство
490 ## - СЕРИИ (Колекции)
Име на серия Световно кино
№: серия 2
590 ## - Забележки на библиотеката, притежаваща документа (RLIN)
Служебно S.N: 56517 от КНИГИ
852 ## - Местоположение
Форматна сигнатура Цб CD 892
Част 0
856 4# - Електронен адрес и достъп
Електронен формат pdf - файл
Път до файла /url/
856 4# - Електронен адрес и достъп
Електронен формат pdf - файл
Път до файла /url/
942 ## - АРТИКУЛИ
Вид на библиотечния материал Компактдискове
Скрит в OPAC Не
944 ## - СЪЗДАВАНЕ И РЕДАКЦИЯ на ЗАПИСА
Създаване/Редакция Създаване
Дата на регистрацията/редакция 10.11.2005
Служител, извършил регистрацията/редакцията 30570
Статус, дата на статуса Моника Янева
944 ## - СЪЗДАВАНЕ И РЕДАКЦИЯ на ЗАПИСА
Създаване/Редакция Редакция
Дата на регистрацията/редакция 30.06.2006
999 ## - СИСТЕМНИ КОНТРОЛНИ НОМЕРА
Koha biblionumber 219259
Koha biblioitemnumber 219259
999 ## - СИСТЕМНИ КОНТРОЛНИ НОМЕРА
Koha biblioitemnumber 219259
Наличности
Код за отписване Код за изгубен артикул Източник на класификационната схема Код за повреда Коз за рестрикции Код за отдаване Артикулен № Име на библиотеката - собственик Име на библиотеката, в която се намира в момента Статус (Текущо местоположение) Дата на вписване в системата Местоположение - отдел Цена в лева Инвентарен номер Систематично азбучна сигнатура Баркод Номер на екземпляра Цена в евро Служебна бележка Служебен тип на артикула
Изтеглен Не е изгубен Universal Decimal Classification Не е повреден без рестрикции ползва се в читалня 390689 Регионална библиотека "Любен Каравелов" Русе Регионална библиотека "Любен Каравелов" Русе Отдел Изкуство - читалня 2005-11-10 Отдел Изкуство - читалня 2.50 250000001092 Цб CD 892 250000001092 1 1.28 Дост: Pk Вид: Ф N: 579 Дата: 09.11.2005 Компактдискове
  Не е изгубен Universal Decimal Classification Не е повреден без рестрикции заемане за дома 390690 Регионална библиотека "Любен Каравелов" Русе Регионална библиотека "Любен Каравелов" Русе Отдел Изкуство - подръчен фонд 2006-06-30 Отдел Изкуство - подръчен фонд 2.50 250000001534 791.221.2/Б 12 250000001534 2 1.28 Дост: DA Вид: А N: 13 Дата: 30.06.2006 Компактдискове
Vip Innovations Ltd, Rousse, Bulgaria 2025